[Event "Tbilisi Municipality Cup"]
[Site "Tbilisi"]
[Date "2009.06.15"]
[Round "1"]
[White "Sanikidze, Tornike"]
[Black "Nidal, Mustafa"]
[Result "1-0"]
[WhiteElo "2559"]
[BlackElo "2045"]
[PlyCount "87"]
[EventDate "2009.06.15"]
[EventType "swiss"]
[EventRounds "9"]
[EventCountry "GEO"]
[SourceTitle "CBM 130 Extra"]
[Source "ChessBase"]
[SourceDate "2009.07.02"]
[SourceVersion "2"]
[SourceVersionDate "2009.07.15"]
[SourceQuality "1"]

1. d4 d5 2. Nf3 Nf6 3. c4 c6 4. Nc3 e6 5. e3 Bb4 6. Bd3 dxc4 7. Bxc4 b5 8. Bd3 Bb7 9. 0-0 0-0 10. e4 h6 11. Qe2 Bxc3 12. bxc3 Nbd7 13. e5 Nd5 14. Qe4 f5 15. exf6 Qxf6 16. Ba3 b4 17. Bxb4 Nxb4 18. cxb4 Rab8 19. Ne5 Nxe5 20. dxe5 Qf5 21. Qxf5 exf5 22. Rfd1 Bc8 23. Bc4+ Kh7 24. a3 Re8 25. f4 Be6 26. Rac1 Rb7 27. Rd6 Bxc4 28. Rxc4 Ree7 29. h3 h5 30. Rcxc6 Kh8 31. Kf2 h4 32. Ke3 a5 33. bxa5 Rb3+ 34. Rd3 Rb2 35. Kf3 Rb5 36. a6 Ra7 37. e6 Re7 38. Rd7 Rb3+ 39. Kf2 Rb2+ 40. Kg1 Re8 41. e7 Re2 42. a7 Kg8 43. Rd8 R2xe7 44. a8Q 1-0